000 00250nam a2200121Ia 4500
100 _aPhilippakis/A S
942 _cBK
654 _aCobol
245 _aStructured Cobol
260 _bMcGraw Hill
_aNew York
_c1986
300 _a421
546 _aENGLISH
999 _c34477
_d34477